[Event "CAN-ch U10"]
[Site "Windsor"]
[Date "2015.07.09"]
[Round "6.107"]
[White "Huang, Dion"]
[Black "Greco, Justin"]
[Result "0-1"]
[WhiteElo "632"]
[BlackElo "896"]
[PlyCount "48"]
[EventDate "2015.07.06"]
[EventType "swiss"]
[EventRounds "7"]
[EventCountry "CAN"]
[SourceTitle "EXT 2022"]
[Source "ChessBase"]
[SourceDate "2021.10.06"]
[SourceVersion "1"]
[SourceVersionDate "2021.10.06"]
[SourceQuality "1"]

1. Nf3 d5 2. d4 Nc6 3. Bf4 Nf6 4. e3 Bg4 5. Nc3 a6 6. h3 Bh5 7. g4 Bg6 8. Bd3 Ne4 9. Bxe4 Bxe4 10. Nxe4 dxe4 11. Nd2 Qd5 12. Bxc7 Rc8 13. Bg3 g6 14. Nb3 Bg7 15. Qe2 Nb4 16. c3 Nd3+ 17. Kf1 Qe6 18. Kg2 Qf6 19. Kh2 h5 20. Rhf1 Qg5 21. f4 exf3 22. Qxd3 hxg4 23. h4 Rxh4+ 24. Bxh4 Qxh4+ 0-1

[Event "CAN-ch U10"]
[Site "Windsor"]
[Date "2015.07.08"]
[Round "5.106"]
[White "Damarla, Rishi"]
[Black "Huang, Dion"]
[Result "1-0"]
[WhiteElo "743"]
[BlackElo "632"]
[PlyCount "75"]
[EventDate "2015.07.06"]
[EventType "swiss"]
[EventRounds "7"]
[EventCountry "CAN"]
[SourceTitle "EXT 2022"]
[Source "ChessBase"]
[SourceDate "2021.10.06"]
[SourceVersion "1"]
[SourceVersionDate "2021.10.06"]
[SourceQuality "1"]

1. e4 c6 2. Nf3 d5 3. Nc3 Nf6 4. e5 Nfd7 5. d4 e6 6. Bd3 c5 7. Be3 Nc6 8. Bb5 Be7 9. Bxc6 bxc6 10. 0-0 0-0 11. Qd2 Ba6 12. Rfe1 cxd4 13. Bxd4 c5 14. Be3 d4 15. Bxd4 cxd4 16. Nxd4 Bg5 17. Qd1 Qc7 18. Nf3 Bf4 19. Qd4 Bh6 20. Rad1 Rfd8 21. Qg4 f5 22. exf6 Nxf6 23. Qxe6+ Qf7 24. Qxa6 Rxd1 25. Rxd1 Qg6 26. Qd3 Qxd3 27. Rxd3 Rb8 28. b3 Re8 29. h3 Bf4 30. g4 Bc7 31. Nb5 Bb6 32. c4 Re2 33. Nbd4 Rxa2 34. b4 Ne4 35. c5 Nxf2 36. Re3 Bc7 37. Ng5 h6 38. Re8# 1-0

[Event "London Golders Green op 4th"]
[Site "London"]
[Date "2014.08.25"]
[Round "5"]
[White "Huang, Dion"]
[Black "Millward, David J"]
[Result "1/2-1/2"]
[WhiteElo "1789"]
[BlackElo "1891"]
[PlyCount "39"]
[EventDate "2014.08.23"]
[EventType "swiss"]
[EventRounds "6"]
[EventCountry "ENG"]
[SourceTitle "EXT 2018"]
[Source "ChessBase"]
[SourceDate "2017.10.13"]
[SourceVersion "1"]
[SourceVersionDate "2017.10.13"]
[SourceQuality "1"]

1. d4 Nf6 2. Bg5 d5 3. e3 Bf5 4. Nd2 Nbd7 5. c4 e6 6. Ngf3 Be7 7. Be2 0-0 8. 0-0 c6 9. Nh4 Bg6 10. Nxg6 hxg6 11. Qb3 Qb6 12. Rac1 Rfc8 13. h3 Kf8 14. Rc2 Ke8 15. Rfc1 Kd8 16. a3 Qxb3 17. Nxb3 dxc4 18. Bxc4 Nd5 19. Bxe7+ Kxe7 20. Bxd5 1/2-1/2

[Event "London Golders Green op 4th"]
[Site "London"]
[Date "2014.08.24"]
[Round "3"]
[White "Huang, Dion"]
[Black "Sagues, Vincent"]
[Result "0-1"]
[WhiteElo "1789"]
[BlackElo "1921"]
[PlyCount "80"]
[EventDate "2014.08.23"]
[EventType "swiss"]
[EventRounds "6"]
[EventCountry "ENG"]
[SourceTitle "EXT 2018"]
[Source "ChessBase"]
[SourceDate "2017.10.13"]
[SourceVersion "1"]
[SourceVersionDate "2017.10.13"]
[SourceQuality "1"]

1. d4 Nf6 2. Bg5 e6 3. e3 c5 4. c3 cxd4 5. cxd4 Qa5+ 6. Nd2 Qxg5 7. Ngf3 Qa5 8. Bd3 d5 9. 0-0 Bd6 10. a3 0-0 11. b4 Qd8 12. Nb3 b6 13. Rc1 Bb7 14. Qe2 Nbd7 15. Rc2 e5 16. dxe5 Nxe5 17. Nxe5 Bxe5 18. Rfc1 Qe7 19. h3 Rac8 20. Bf5 Rxc2 21. Rxc2 Ne4 22. Nd2 g6 23. Bxe4 dxe4 24. Nc4 Bb8 25. Nd2 Qe5 26. g3 Qe6 27. Qg4 Qxg4 28. hxg4 Rd8 29. Kg2 Kf8 30. a4 f6 31. Nc4 Rc8 32. Rd2 Ke7 33. Na3 Rd8 34. Rxd8 Kxd8 35. Nc4 Ke7 36. Nd2 Bd5 37. Kf1 Bd6 38. b5 Bb4 39. Ke2 Bxd2 40. Kxd2 Bb3 0-1

[Event "London Golders Green op 4th"]
[Site "London"]
[Date "2014.08.23"]
[Round "1"]
[White "Huang, Dion"]
[Black "Balaji, Ananthanarayanan"]
[Result "0-1"]
[WhiteElo "1992"]
[BlackElo "1839"]
[PlyCount "54"]
[EventDate "2014.08.23"]
[EventType "swiss"]
[EventRounds "6"]
[EventCountry "ENG"]
[SourceTitle "EXT 2018"]
[Source "ChessBase"]
[SourceDate "2017.10.13"]
[SourceVersion "1"]
[SourceVersionDate "2017.10.13"]
[SourceQuality "1"]

1. d4 Nf6 2. Bg5 d5 3. e3 e6 4. Nf3 Be7 5. c4 0-0 6. Nc3 Nbd7 7. Rc1 c6 8. Qc2 h6 9. Bh4 Nh5 10. Bxe7 Qxe7 11. Bd3 Nhf6 12. 0-0 dxc4 13. Bxc4 e5 14. Rfd1 exd4 15. Nxd4 Ne5 16. Be2 Bg4 17. h3 Bxe2 18. Ncxe2 g6 19. Nf4 Rad8 20. Nd3 Nxd3 21. Rxd3 Rd5 22. Rcd1 Rfd8 23. Qb3 Qd7 24. Rc3 c5 25. Rdc1 cxd4 26. Rc7 Qf5 27. exd4 Ne4 0-1

[Event "BCF-ch Week2 PM op"]
[Site "Aberystwyth"]
[Date "2014.08.01"]
[Round "5"]
[White "Hinterreither, Nikolai"]
[Black "Huang, Dion"]
[Result "0-1"]
[WhiteElo "1662"]
[BlackElo "1759"]
[PlyCount "142"]
[EventDate "2014.07.28"]
[EventType "swiss"]
[EventRounds "5"]
[EventCountry "WLS"]
[SourceTitle "EXT 2017"]
[Source "ChessBase"]
[SourceDate "2016.10.25"]
[SourceVersion "1"]
[SourceVersionDate "2016.10.25"]
[SourceQuality "1"]

1. e4 e5 2. Nf3 Nc6 3. d4 exd4 4. Bc4 Bc5 5. c3 Nf6 6. cxd4 Bb4+ 7. Nc3 Nxe4 8. 0-0 Bxc3 9. d5 Bf6 10. Re1 Ne7 11. Rxe4 d6 12. Bg5 Bxg5 13. Nxg5 0-0 14. Qe2 Ng6 15. Nf3 Bf5 16. Re3 Re8 17. Re1 Rxe3 18. Qxe3 a6 19. Nd4 Bd7 20. a3 Qf6 21. Qd2 Re8 22. Rxe8+ Bxe8 23. Qe3 Qe5 24. Nc2 Qxe3 25. Nxe3 Bd7 26. g3 Ne7 27. f4 Nf5 28. Kf2 Kf8 29. Nc2 Ne7 30. Ke3 Nc8 31. b4 Nb6 32. Bb3 Ba4 33. Bxa4 Nxa4 34. Kd4 Ke7 35. Ne3 Nb6 36. g4 f6 37. f5 Nd7 38. h3 Ne5 39. Ke4 c6 40. a4 Kd7 41. h4 b5 42. dxc6+ Kxc6 43. axb5+ Kxb5 44. g5 fxg5 45. hxg5 Kxb4 46. Nd5+ Kb3 47. Nb6 Nf7 48. g6 hxg6 49. fxg6 Ne5 50. Kf5 a5 51. Nc8 a4 52. Nxd6 Nxg6 53. Nb5 Nf8 54. Ke5 a3 55. Nxa3 Kxa3 56. Kf5 Kb4 57. Kg5 Kc4 58. Kg4 Kd4 59. Kg3 g5 60. Kg2 Ke3 61. Kg1 Kf3 62. Kh1 g4 63. Kg1 Kg3 64. Kh1 Kf2 65. Kh2 Ng6 66. Kh1 Ne5 67. Kh2 g3+ 68. Kh1 g2+ 69. Kh2 g1Q+ 70. Kh3 Qg4+ 71. Kh2 Qh5# 0-1

[Event "BCF-ch Week2 PM op"]
[Site "Aberystwyth"]
[Date "2014.07.31"]
[Round "4"]
[White "Huang, Dion"]
[Black "Maber, Martyn J"]
[Result "1-0"]
[WhiteElo "1759"]
[BlackElo "1394"]
[PlyCount "51"]
[EventDate "2014.07.28"]
[EventType "swiss"]
[EventRounds "5"]
[EventCountry "WLS"]
[SourceTitle "EXT 2017"]
[Source "ChessBase"]
[SourceDate "2016.10.25"]
[SourceVersion "1"]
[SourceVersionDate "2016.10.25"]
[SourceQuality "1"]

1. d4 d5 2. Nf3 Bf5 3. e3 c6 4. c4 e6 5. Nc3 Nf6 6. Nh4 Bg6 7. Nxg6 fxg6 8. Be2 Bd6 9. 0-0 Qc7 10. h3 Nbd7 11. Bd2 h5 12. Qc2 Kf7 13. cxd5 exd5 14. Rac1 Be7 15. Rfd1 Ng4 16. hxg4 hxg4 17. Bxg4 Qh2+ 18. Kf1 Nf6 19. Bf3 Nh5 20. Ke2 Nf6 21. Qb3 Qd6 22. e4 Qb4 23. Qxb4 Bxb4 24. e5 Ne4 25. Bxe4 Bxc3 26. Bxd5+ 1-0

[Event "BCF-ch U14"]
[Site "Aberystwyth"]
[Date "2014.07.30"]
[Round "5"]
[White "Huang, Dion"]
[Black "Zhu, Richard"]
[Result "1/2-1/2"]
[WhiteElo "174"]
[BlackElo "166"]
[PlyCount "81"]
[EventDate "2014.07.27"]
[EventType "swiss"]
[EventRounds "7"]
[EventCountry "WLS"]
[SourceTitle "EXT 2017"]
[Source "ChessBase"]
[SourceDate "2016.10.25"]
[SourceVersion "1"]
[SourceVersionDate "2016.10.25"]
[SourceQuality "1"]

1. d4 d5 2. Nf3 Nf6 3. c4 e6 4. Nc3 c6 5. e3 Nbd7 6. b3 Bd6 7. Bb2 0-0 8. Be2 b6 9. 0-0 Bb7 10. Rc1 Qe7 11. Qc2 dxc4 12. Bxc4 b5 13. Be2 a6 14. Nd2 c5 15. Bf3 Bxf3 16. Nxf3 cxd4 17. Nxd4 Rac8 18. Qe2 Ba3 19. Nb1 Bxb2 20. Qxb2 Nd5 21. Rfd1 Qf6 22. Nc3 Nxc3 23. Rxc3 g6 24. Rdc1 Nb6 25. Rc6 Nc4 26. Qe2 Rxc6 27. Nxc6 Ne5 28. h3 Nxc6 29. Rxc6 Ra8 30. Qc2 Kg7 31. Rb6 Qa1+ 32. Kh2 Qe5+ 33. g3 Qd5 34. Qc6 Qxc6 35. Rxc6 Ra7 36. Rb6 Kf6 37. Kg2 Kf5 38. Kf3 h5 39. Ke2 Ke4 40. f3+ Kd5 41. a3 1/2-1/2

[Event "BCF-ch Week2 PM op"]
[Site "Aberystwyth"]
[Date "2014.07.29"]
[Round "3"]
[White "Anilkumar, Anantha P"]
[Black "Huang, Dion"]
[Result "1-0"]
[WhiteElo "1738"]
[BlackElo "1759"]
[PlyCount "115"]
[EventDate "2014.07.28"]
[EventType "swiss"]
[EventRounds "5"]
[EventCountry "WLS"]
[SourceTitle "EXT 2017"]
[Source "ChessBase"]
[SourceDate "2016.10.25"]
[SourceVersion "1"]
[SourceVersionDate "2016.10.25"]
[SourceQuality "1"]

1. e4 e5 2. Nf3 Nc6 3. d4 exd4 4. Nxd4 Bc5 5. Be3 Qf6 6. c3 Qg6 7. Nd2 Bxd4 8. cxd4 Nf6 9. g3 Nxe4 10. Bd3 Nxf2 11. Bxg6 Nxd1 12. Bxf7+ Kxf7 13. 0-0+ Ke8 14. Raxd1 Rf8 15. d5 Nd8 16. Bf4 Rf7 17. Rfe1+ Ne6 18. dxe6 dxe6 19. Rc1 b6 20. Rxc7 Rxc7 21. Bxc7 Kd7 22. Be5 g6 23. Rc1 Kd8 24. Ne4 Bd7 25. Rc7 Rc8 26. Rxc8+ Bxc8 27. Kf2 Bb7 28. Ke3 Bd5 29. a3 Ke7 30. Kd4 h6 31. Nd6 Kd7 32. Nf7 h5 33. Bf6 Bg2 34. Ne5+ Kd6 35. Nxg6 Bh3 36. Be5+ Kd7 37. Nf4 Bg4 38. h3 Bd1 39. Bb8 a6 40. Ke5 Bf3 41. Nxe6 Bd1 42. Ba7 Kc6 43. Bb8 Kd7 44. Nf4 Bf3 45. Kf6 Kc8 46. Be5 a5 47. Kg5 b5 48. Nxh5 Bxh5 49. Kxh5 b4 50. axb4 axb4 51. Kg6 b3 52. h4 Kb7 53. h5 Kc6 54. h6 Kd5 55. Bc3 Ke4 56. h7 Kd3 57. h8Q Kc2 58. Qf6 1-0

[Event "BCF-ch U14"]
[Site "Aberystwyth"]
[Date "2014.07.29"]
[Round "4"]
[White "Gallagher, Daniel GH"]
[Black "Huang, Dion"]
[Result "0-1"]
[WhiteElo "174"]
[BlackElo "174"]
[PlyCount "56"]
[EventDate "2014.07.27"]
[EventType "swiss"]
[EventRounds "7"]
[EventCountry "WLS"]
[SourceTitle "EXT 2017"]
[Source "ChessBase"]
[SourceDate "2016.10.25"]
[SourceVersion "1"]
[SourceVersionDate "2016.10.25"]
[SourceQuality "1"]

1. d4 Nf6 2. c4 g6 3. Nc3 Bg7 4. e4 d6 5. Nf3 0-0 6. Be2 e5 7. 0-0 Nc6 8. d5 Ne7 9. Be3 Nd7 10. Ne1 f5 11. f3 f4 12. Bf2 g5 13. a4 Ng6 14. a5 Rf7 15. Nd3 h5 16. c5 Nxc5 17. Nxc5 dxc5 18. Bc4 Kh8 19. Bxc5 g4 20. d6 g3 21. Bxf7 Qh4 22. Re1 Qxh2+ 23. Kf1 Nh4 24. Re2 Qh1+ 25. Bg1 Bh3 26. Rc2 Bxg2+ 27. Ke1 Qxg1+ 28. Kd2 Qe3# 0-1

[Event "BCF-ch Week2 PM op"]
[Site "Aberystwyth"]
[Date "2014.07.28"]
[Round "1"]
[White "Walker, Samuel"]
[Black "Huang, Dion"]
[Result "1-0"]
[WhiteElo "2006"]
[BlackElo "1759"]
[PlyCount "91"]
[EventDate "2014.07.28"]
[EventType "swiss"]
[EventRounds "5"]
[EventCountry "WLS"]
[SourceTitle "EXT 2017"]
[Source "ChessBase"]
[SourceDate "2016.10.25"]
[SourceVersion "1"]
[SourceVersionDate "2016.10.25"]
[SourceQuality "1"]

1. Nf3 Nf6 2. g3 g6 3. b4 Bg7 4. Bb2 d6 5. Bg2 0-0 6. c4 c6 7. 0-0 Qc7 8. d3 b6 9. Qb3 Bb7 10. Nc3 Nbd7 11. Rab1 c5 12. Rfc1 Rfc8 13. a4 a6 14. Ba1 Rab8 15. Nd5 Nxd5 16. cxd5 Qd8 17. Bxg7 Kxg7 18. e4 Nf6 19. Bh3 Rc7 20. bxc5 bxc5 21. Nd2 Nd7 22. Bxd7 Qxd7 23. Nc4 Rf8 24. Kg2 Bc8 25. Qc3+ Kg8 26. Rb8 Rb7 27. Rxb7 Bxb7 28. Nb6 Qc7 29. a5 Qd8 30. h4 e6 31. dxe6 fxe6 32. f4 Qe7 33. Kh2 Bc6 34. Nc4 Rb8 35. e5 d5 36. Nd6 Bb5 37. Qxc5 Bxd3 38. Qd4 Bb5 39. Rc5 Qd7 40. Qc3 Bc4 41. Nxc4 dxc4 42. Qxc4 Rb2+ 43. Kh3 Qd1 44. Qxe6+ Kg7 45. Qf6+ Kh6 46. Qf8+ 1-0

[Event "BCF-ch U14"]
[Site "Aberystwyth"]
[Date "2014.07.27"]
[Round "1"]
[White "Huang, Dion"]
[Black "Lindsay, Joe NR"]
[Result "1/2-1/2"]
[WhiteElo "174"]
[BlackElo "131"]
[PlyCount "123"]
[EventDate "2014.07.27"]
[EventType "swiss"]
[EventRounds "7"]
[EventCountry "WLS"]
[SourceTitle "EXT 2017"]
[Source "ChessBase"]
[SourceDate "2016.10.25"]
[SourceVersion "1"]
[SourceVersionDate "2016.10.25"]
[SourceQuality "1"]

1. d4 Nf6 2. Bg5 e6 3. e3 Be7 4. Nd2 0-0 5. Ngf3 b6 6. Bd3 Bb7 7. 0-0 h6 8. Bh4 c5 9. c3 Nc6 10. Re1 Qc7 11. Rc1 Rac8 12. h3 Ne8 13. Bxe7 Nxe7 14. Qe2 Nd5 15. a3 Nd6 16. c4 Nf6 17. e4 Nh5 18. Qe3 Ne8 19. e5 cxd4 20. Qxd4 g6 21. Qh4 Qd8 22. Qxd8 Rxd8 23. b4 Nf4 24. Bf1 g5 25. g3 Nh5 26. Bg2 d6 27. exd6 Nxd6 28. Nb3 Rc8 29. c5 bxc5 30. Nxc5 Bd5 31. Ne5 Nf6 32. Ned7 Nxd7 33. Nxd7 Rfd8 34. Nf6+ Kg7 35. Nxd5 exd5 36. Bxd5 Nb5 37. Rxc8 Rxc8 38. Re7 Rc7 39. Rxc7 Nxc7 40. Bc4 Kf6 41. Kf1 Ne8 42. Ke2 Nd6 43. Kd3 Ke5 44. a4 f6 45. b5 Nb7 46. Kc3 Kd6 47. Kb4 f5 48. a5 Kc7 49. Bd5 h5 50. Bxb7 Kxb7 51. f4 h4 52. gxh4 g4 53. hxg4 fxg4 54. h5 g3 55. h6 g2 56. h7 g1Q 57. h8Q Qb1+ 58. Kc5 Qc2+ 59. Kd5 Qd3+ 60. Ke6 Qc4+ 61. Kf5 Qd3+ 62. Kg4 1/2-1/2

[Event "BCF-ch U13"]
[Site "Aberystwyth"]
[Date "2014.07.24"]
[Round "4"]
[White "Boswell, Jacob Connor"]
[Black "Huang, Dion"]
[Result "0-1"]
[WhiteElo "144"]
[BlackElo "174"]
[PlyCount "76"]
[EventDate "2014.07.22"]
[EventType "swiss"]
[EventRounds "7"]
[EventCountry "WLS"]
[SourceTitle "CBM 161 Extra"]
[Source "ChessBase"]
[SourceDate "2014.08.29"]
[SourceVersion "1"]
[SourceVersionDate "2014.08.29"]
[SourceQuality "1"]

1. e4 e5 2. Nf3 Nc6 3. Bb5 a6 4. Ba4 d6 5. 0-0 Bd7 6. Bb3 Be7 7. c3 Nf6 8. Re1 0-0 9. h3 h6 10. Bc2 Re8 11. d4 Bf8 12. d5 Nb8 13. Nbd2 c6 14. c4 b5 15. b3 Qc7 16. Nf1 g6 17. a4 bxc4 18. bxc4 a5 19. Rb1 Na6 20. Be3 c5 21. Qd2 Kh7 22. g4 Ng8 23. Ng3 Nb4 24. Bb3 Reb8 25. Kg2 Rb7 26. Rb2 Rab8 27. Reb1 Ne7 28. Qe2 Nc8 29. g5 h5 30. Nxh5 gxh5 31. Nh4 Ne7 32. Qxh5+ Kg8 33. g6 fxg6 34. Nxg6 Nxg6 35. Qxg6+ Bg7 36. Rg1 Be8 37. Qe6+ Bf7 38. Qg4 Qd7 0-1

[Event "High Wycombe e2e4 Challengers op 05"]
[Site "High Wycombe"]
[Date "2014.05.11"]
[Round "4"]
[White "Torrance, John"]
[Black "Huang, Dion"]
[Result "0-1"]
[WhiteElo "1667"]
[BlackElo "1737"]
[PlyCount "92"]
[EventDate "2014.05.09"]
[EventType "swiss"]
[EventRounds "5"]
[EventCountry "ENG"]
[SourceTitle "EXT 2015"]
[Source "ChessBase"]
[SourceDate "2014.11.20"]
[SourceVersion "1"]
[SourceVersionDate "2014.11.20"]
[SourceQuality "1"]

1. d4 g6 2. Nc3 Bg7 3. e4 d6 4. Be3 e6 5. Qd2 Nd7 6. Nf3 b6 7. 0-0-0 Bb7 8. Kb1 a6 9. Bg5 f6 10. Be3 Qe7 11. h4 h5 12. Ne1 0-0-0 13. Nd3 Bh6 14. Bxh6 Nxh6 15. f3 f5 16. Nb4 a5 17. Nd3 Qf6 18. Nf2 Rde8 19. Nb5 Kb8 20. Qc3 Qd8 21. Bd3 Nf6 22. Qb3 Qd7 23. Rhe1 Nf7 24. Nc3 Qd8 25. Bb5 Re7 26. e5 Nh7 27. exd6 Qxd6 28. Bf1 Rhe8 29. Nd3 Qg3 30. Ne5 Nxe5 31. Rxe5 Nf8 32. Bb5 Rd8 33. Qc4 Qxg2 34. Bc6 Bxc6 35. Qxc6 Rd6 36. Qc4 Qxf3 37. Qa6 Nd7 38. Ree1 Qb7 39. Qc4 Nf6 40. Nb5 Rd5 41. Re5 Rxe5 42. dxe5 Nd5 43. Qf1 Qc6 44. c4 Ne3 45. Rd8+ Kb7 46. Nd4 Qe4+ 0-1

[Event "High Wycombe e2e4 Challengers op 05"]
[Site "High Wycombe"]
[Date "2014.05.09"]
[Round "1"]
[White "Huang, Dion"]
[Black "Rowan, Daniel"]
[Result "1/2-1/2"]
[WhiteElo "1737"]
[BlackElo "1698"]
[PlyCount "47"]
[EventDate "2014.05.09"]
[EventType "swiss"]
[EventRounds "5"]
[EventCountry "ENG"]
[SourceTitle "EXT 2015"]
[Source "ChessBase"]
[SourceDate "2014.11.20"]
[SourceVersion "1"]
[SourceVersionDate "2014.11.20"]
[SourceQuality "1"]

1. d4 d5 2. Nf3 c5 3. e3 e6 4. Be2 Nc6 5. 0-0 Nf6 6. b3 Be7 7. Bb2 b6 8. Nbd2 Bb7 9. c4 0-0 10. Rc1 cxd4 11. Nxd4 Rc8 12. N2f3 dxc4 13. Bxc4 Nxd4 14. Bxd4 Ba3 15. Rc2 Qe7 16. Qe2 Rfd8 17. Rd1 Be4 18. Rcd2 Bb4 19. Bxf6 Qxf6 20. Rxd8+ Rxd8 21. Nd4 e5 22. Nc2 Rxd1+ 23. Qxd1 Bxc2 24. Qxc2 1/2-1/2

[Event "London Golders Green op U1900 3rd"]
[Site "London"]
[Date "2014.05.04"]
[Round "3"]
[White "Huang, Dion"]
[Black "Sivarajasingam, Venetia"]
[Result "1-0"]
[WhiteElo "1737"]
[BlackElo "1287"]
[PlyCount "75"]
[EventDate "2014.05.03"]
[EventType "swiss"]
[EventRounds "6"]
[EventCountry "ENG"]
[SourceTitle "EXT 2018"]
[Source "ChessBase"]
[SourceDate "2017.10.13"]
[SourceVersion "1"]
[SourceVersionDate "2017.10.13"]
[SourceQuality "1"]

1. d4 d5 2. c4 e6 3. Nc3 Be7 4. Nf3 Nf6 5. Bg5 h6 6. Bh4 0-0 7. e3 b6 8. cxd5 exd5 9. Bd3 Bb7 10. 0-0 Nbd7 11. Rc1 c5 12. Re1 Ne4 13. Bxe7 Qxe7 14. Qc2 Rac8 15. Qb1 c4 16. Be2 Ndf6 17. Ne5 Nd7 18. Nxd7 Nxc3 19. bxc3 Qxd7 20. Qb4 Rc6 21. e4 dxe4 22. Bxc4 Rg6 23. Re3 Qg4 24. g3 h5 25. Qe7 Bc6 26. d5 Re8 27. Qxa7 Bd7 28. Be2 Qh3 29. Bxh5 Qxh5 30. Qxd7 Ra8 31. Rxe4 Qg5 32. Rce1 Rxa2 33. Re8+ Kh7 34. Qc8 Rf6 35. Rh8+ Kg6 36. h4 Qxd5 37. Qg4+ Qg5 38. Qxg5# 1-0

[Event "BCF-ch 5-day op PM Week 2"]
[Site "Torquay"]
[Date "2013.08.05"]
[Round "1.7"]
[White "Sucikova, Svetlana"]
[Black "Huang, Dion"]
[Result "1-0"]
[WhiteElo "1962"]
[BlackElo "1709"]
[PlyCount "149"]
[EventDate "2013.08.05"]
[EventType "swiss"]
[EventRounds "5"]
[EventCountry "ENG"]
[SourceTitle "EXT 2023"]
[Source "ChessBase"]
[SourceDate "2022.10.05"]
[SourceVersion "1"]
[SourceVersionDate "2022.10.05"]
[SourceQuality "1"]

1. c4 g6 2. d4 Bg7 3. Nc3 Nf6 4. Nf3 d6 5. e3 0-0 6. Be2 Nbd7 7. 0-0 Re8 8. b3 c6 9. Bb2 e5 10. dxe5 dxe5 11. Qc2 Qe7 12. e4 Nf8 13. Na4 N6d7 14. c5 Ne6 15. b4 Ng5 16. Bc3 Nxf3+ 17. Bxf3 Nf8 18. Rfd1 Be6 19. Rd6 Rad8 20. Rad1 Rd7 21. Rxd7 Nxd7 22. Nb2 a6 23. a3 f6 24. Be2 Qf7 25. Bc4 Bxc4 26. Nxc4 Qxc4 27. Rxd7 Rb8 28. f3 Qe6 29. Rd6 Qf7 30. Qd2 Bf8 31. Rd7 Qe6 32. Bb2 Be7 33. Bc1 Bf8 34. Qd3 Qa2 35. Bd2 Qe6 36. Kf2 Be7 37. Be3 Qa2+ 38. Kg3 Qf7 39. f4 Qe8 40. fxe5 fxe5 41. h4 Kh8 42. Bg5 Bxg5 43. hxg5 Qf8 44. Qf3 Qxf3+ 45. gxf3 Kg8 46. Re7 b6 47. cxb6 Rxb6 48. Rxe5 Kf7 49. Kf4 Rb7 50. Rc5 Rd7 51. a4 Ke6 52. b5 cxb5 53. axb5 Rf7+ 54. Ke3 axb5 55. Rxb5 Rd7 56. Rb6+ Kf7 57. Rf6+ Kg7 58. e5 h6 59. gxh6+ Kxh6 60. Rd6 Re7 61. Ke4 Kg7 62. Rf6 Re8 63. Kd5 Ra8 64. Rc6 Ra7 65. Ke6 Rf7 66. Rc3 Ra7 67. Kd6 Kf7 68. f4 Ra6+ 69. Kd5 Ra4 70. Rc7+ Kf8 71. Rc4 Ra1 72. Kd6 Ra8 73. e6 Ra1 74. Ke5 Ra6 75. Kf6 1-0

[Event "GBR-ch 100th U13"]
[Site "Torquay"]
[Date "2013.08.02"]
[Round "6"]
[White "Huang, Dion"]
[Black "Zhu, Richard"]
[Result "1-0"]
[WhiteElo "1733"]
[BlackElo "1635"]
[PlyCount "177"]
[EventDate "2013.07.29"]
[EventType "swiss"]
[EventRounds "7"]
[EventCountry "ENG"]
[SourceTitle "EXT 2019"]
[Source "ChessBase"]
[SourceDate "2018.10.10"]
[SourceVersion "1"]
[SourceVersionDate "2018.10.10"]
[SourceQuality "1"]

1. d4 d5 2. Nf3 Nf6 3. c4 e6 4. Nc3 c6 5. e3 Nbd7 6. Qc2 Bd6 7. Bd3 0-0 8. 0-0 dxc4 9. Bxc4 b5 10. Bd3 a6 11. Bd2 c5 12. dxc5 Nxc5 13. Be2 Bb7 14. a3 Rc8 15. Rac1 Nce4 16. Qd1 Nxd2 17. Nxd2 Qe7 18. Bf3 Rfd8 19. Qe2 Be5 20. Ndb1 Bxf3 21. Qxf3 Rc7 22. Rcd1 Rcc8 23. g3 g6 24. Rfe1 Kg7 25. Kg2 h5 26. h3 Ne8 27. Qe4 Bf6 28. Rxd8 Qxd8 29. Qb7 Ra8 30. Rd1 Qc8 31. Qd7 Qd8 32. Qb7 Qb8 33. Qxb8 Rxb8 34. b4 Rd8 35. Rxd8 Bxd8 36. Ne4 a5 37. Nbc3 axb4 38. axb4 Be7 39. Nxb5 Bxb4 40. Nd4 Nf6 41. Nxf6 Kxf6 42. Kf3 g5 43. g4 hxg4+ 44. hxg4 Be1 45. Nc2 Bc3 46. Ke4 Kg6 47. Kd3 Bb2 48. f3 f5 49. Nd4 fxg4 50. fxg4 Kf6 51. Ke4 Bc3 52. Nb5 Be5 53. Nd4 Bg3 54. Nf3 Bd6 55. Kd4 Bg3 56. e4 e5+ 57. Kd5 Bf4 58. Ne1 Bg3 59. Nd3 Bf4 60. Nc5 Ke7 61. Nd3 Kf6 62. Kd6 Be3 63. Nc5 Kf7 64. Nd7 Bf4 65. Kd5 Bg3 66. Nxe5+ Kf6 67. Nf3 Bf4 68. e5+ Ke7 69. Ke4 Ke6 70. Nd4+ Kf7 71. Kf5 Kg7 72. Nf3 Kh6 73. Kf6 Bc1 74. e6 Bb2+ 75. Kf7 Ba3 76. e7 Bxe7 77. Kxe7 Kg6 78. Ke6 Kh6 79. Kf6 Kh7 80. Nxg5+ Kh8 81. Nf7+ Kg8 82. Ne5 Kh7 83. g5 Kh8 84. g6 Kg8 85. g7 Kh7 86. Kf7 Kh6 87. g8Q Kh5 88. Qg3 Kh6 89. Qh4# 1-0

[Event "World School-ch U13 9th"]
[Site "Porto Carras"]
[Date "2013.05.07"]
[Round "1"]
[White "Mohammad, Fahim"]
[Black "Huang, Dion"]
[Result "1-0"]
[WhiteElo "2031"]
[BlackElo "1664"]
[PlyCount "89"]
[EventDate "2013.05.07"]
[EventType "swiss"]
[EventRounds "9"]
[EventCountry "GRE"]
[SourceTitle "CBM 154 Extra"]
[Source "ChessBase"]
[SourceDate "2013.06.25"]
[SourceVersion "2"]
[SourceVersionDate "2013.06.25"]
[SourceQuality "1"]

1. d4 Nf6 2. Nf3 g6 3. c4 Bg7 4. Nc3 0-0 5. e4 d6 6. Be2 e5 7. 0-0 exd4 8. Nxd4 Re8 9. f3 c6 10. Bg5 h6 11. Bh4 Nbd7 12. Nc2 Nb6 13. Re1 Be6 14. c5 Nc8 15. cxd6 g5 16. Bf2 Nh5 17. g3 Bxc3 18. bxc3 Qxd6 19. Nd4 Ng7 20. Qc2 Qe7 21. c4 Nb6 22. c5 Nd7 23. Rec1 Nf8 24. Rab1 Ng6 25. Rb2 Bc8 26. a4 a6 27. Qd2 Qc7 28. Rcb1 Kh7 29. Nb3 Ne6 30. Na5 Ra7 31. Nc4 Rd8 32. Qc3 Rd7 33. Nd6 Qd8 34. a5 Kg8 35. Be3 Qf8 36. Qf6 Qe7 37. Qc3 Qf8 38. Bc4 Rc7 39. Kh1 Qg7 40. Qb3 Qf8 41. Qb6 Ra8 42. Bxe6 Re7 43. Bxc8 Rxc8 44. Nxc8 Qxc8 45. Rd1 1-0